000 00723nam a2200181Ia 4500
003 GCL
008 140319s9999 xx 000 0 ara d
040 _aGCL /
_cGCL
082 0 4 _a219.1
_bم هـ
100 1 _aمحمود مهدى
245 1 0 _aهؤلاء00 وأنا :
_bحوارات حول الاسلام000 وقضايا العصر /
_cمحمود مهدى
260 _aالقاهرة :
_bدار البيان للتاليف والنشر والترجمة ،
_c2003
300 _a164 ص ؛
_c18 سم
650 0 4 _aالاسلام والمجتمع
650 0 4 _aالاسلام والاصلاح الاجتماعى
650 0 4 _aالاسلام - حركات الاحياء والاصلاح والتجديد
942 _2ddc
_cBK
999 _c5859
_d5859